00489nam a2200145Ia 4500008004100000020001800041082002000059100002300079245003200102260004400134300001000178942001300188999001900201952012300220210430s9999 xx 000 0 und d a9788120345416 a660.28422 S615M aSinha, A.P.954888 aMass Transfer:cSinha, A.P. aNew Dehli.bPHI Learning Pvt Ltd.c2012 a672p. cREF2ddc c565783d565783 00102ddc4070aSCMEbSCMEcREFd0008-12-16l1m1o660.28422 S615MpSCME-4732r2025-06-16s2025-01-13w2021-04-30yBK